[Event "Arco op 45th"]
[Site "Arco"]
[Date "2023.10.09"]
[Round "3"]
[White "Buratti, Marco"]
[Black "Rappazzo, Johannes"]
[Result "1-0"]
[WhiteElo "1862"]
[BlackElo "2081"]
[PlyCount "53"]
[EventDate "2023.10.07"]
[EventType "swiss"]
[EventRounds "9"]
[EventCountry "ITA"]
[SourceTitle "Mega2024 Update 01"]
[Source "Chessbase"]
[SourceDate "2023.11.12"]
[SourceVersion "1"]
[SourceVersionDate "2023.11.12"]
[SourceQuality "1"]

1. e4 c5 2. Nc3 d6 3. Bc4 e6 4. Nge2 a6 5. a4 Nf6 6. d3 Nc6 7. 0-0 Be7 8. f4 b6 9. Ng3 h5 10. e5 dxe5 11. Qf3 Bd7 12. Nge4 Nd4 13. Qd1 b5 14. Ba2 exf4 15. Bxf4 0-0 16. Nxf6+ Bxf6 17. Ne4 Bc6 18. c3 Bxe4 19. dxe4 Nc6 20. Qxh5 e5 21. Rf3 Bh4 22. Rh3 g5 23. Qg6+ Kh8 24. Qh6+ Kg8 25. Rxh4 gxh4 26. Bg5 Ne7 27. Bf6 1-0

[Event "Arco op 44th"]
[Site "Arco"]
[Date "2022.10.10"]
[Round "3"]
[White "Buratti, Marco"]
[Black "Pipitone, Antonio"]
[Result "1-0"]
[WhiteElo "1869"]
[BlackElo "1671"]
[PlyCount "37"]
[EventDate "2022.10.08"]
[EventType "swiss"]
[EventRounds "9"]
[EventCountry "ITA"]
[SourceTitle "CBM 210 Extra"]
[Source "ChessBase"]
[SourceDate "2022.11.30"]
[SourceVersion "1"]
[SourceVersionDate "2022.11.30"]
[SourceQuality "1"]

1. e4 c5 2. Nc3 Nc6 3. Bc4 e6 4. d3 d5 5. exd5 exd5 6. Bxd5 Nb4 7. Bb3 Be7 8. Qh5 c4 9. Bxc4 Nxc2+ 10. Kd1 g6 11. Qf3 Nxa1 12. Qxf7+ Kd7 13. Bb5+ Kc7 14. Bf4+ Kb6 15. Na4+ Ka5 16. Bd2+ Bb4 17. Bxb4+ Kxb4 18. Qc4+ Ka5 19. b4# 1-0

[Event "ITA-chTB 51st"]
[Site "Brixen Bressanone"]
[Date "2019.04.27"]
[Round "3.2"]
[White "Corvi, Marco"]
[Black "Buratti, Marco"]
[Result "1-0"]
[WhiteElo "2264"]
[BlackElo "1876"]
[PlyCount "35"]
[EventDate "2019.04.26"]
[EventType "team-swiss"]
[EventRounds "7"]
[EventCountry "ITA"]
[SourceTitle "CBM 190 Extra"]
[Source "ChessBase"]
[SourceDate "2019.07.15"]
[SourceVersion "1"]
[SourceVersionDate "2019.07.15"]
[SourceQuality "1"]
[WhiteTeam "Lazio Scacchi"]
[BlackTeam "Rome Steinitz"]
[WhiteTeamCountry "ITA"]
[BlackTeamCountry "ITA"]

1. e4 Nc6 2. Nf3 e5 3. Bb5 g6 4. d4 exd4 5. Bg5 f6 6. Bh4 h5 7. h3 Qe7 8. 0-0 g5 9. Bg3 Nh6 10. e5 f5 11. h4 g4 12. Nxd4 Qb4 13. c3 Qxb2 14. Nb3 Na5 15. e6 c6 16. exd7+ Bxd7 17. Re1+ Kd8 18. Re2 1-0

[Event "Gabicce Mare op 1st"]
[Site "Gabicce Mare"]
[Date "2013.12.05"]
[Round "7"]
[White "Buratti, Marco"]
[Black "Guglielmi, Dante"]
[Result "1-0"]
[WhiteElo "1991"]
[BlackElo "1917"]
[PlyCount "59"]
[EventDate "2013.01.02"]
[EventType "swiss"]
[EventRounds "9"]
[EventCountry "ITA"]
[SourceTitle "EXT 2015"]
[Source "ChessBase"]
[SourceDate "2014.11.20"]
[SourceVersion "1"]
[SourceVersionDate "2014.11.20"]
[SourceQuality "1"]

1. e4 c5 2. Nc3 Nf6 3. Bc4 Nc6 4. d3 g6 5. Nge2 Bg7 6. 0-0 0-0 7. Bg5 h6 8. Bd2 Na5 9. e5 Ng4 10. f4 Nxc4 11. dxc4 h5 12. h3 Nh6 13. Be3 b6 14. Qd5 Rb8 15. Rad1 Nf5 16. Bf2 Nd4 17. Nxd4 Bb7 18. Nc6 Bxc6 19. Qd3 e6 20. Nb5 Ra8 21. Nd6 Qc7 22. Bh4 a6 23. Qg3 b5 24. f5 exf5 25. Rxf5 Rae8 26. Nxe8 Rxe8 27. Rxf7 Kxf7 28. e6+ Rxe6 29. Qxc7 Re2 30. Rxd7+ 1-0

[Event "Cortina d'Ampezzo op 2nd"]
[Site "Cortina d'Ampezzo"]
[Date "2013.09.10"]
[Round "1"]
[White "Buratti, Marco"]
[Black "De Polzer, Manfredi"]
[Result "1-0"]
[WhiteElo "1996"]
[BlackElo "1682"]
[PlyCount "41"]
[EventDate "2013.09.10"]
[EventType "swiss"]
[EventRounds "7"]
[EventCountry "ITA"]
[SourceTitle "CBM 156 Extra"]
[Source "ChessBase"]
[SourceDate "2013.10.22"]
[SourceVersion "1"]
[SourceVersionDate "2013.10.22"]
[SourceQuality "1"]

1. e4 e6 2. Nc3 c5 3. Bc4 a6 4. a4 Nc6 5. d3 Nf6 6. Nge2 d6 7. 0-0 Be7 8. f4 b6 9. Ng3 Qc7 10. f5 exf5 11. Nxf5 Bxf5 12. Rxf5 Nd4 13. Rf2 0-0 14. Bg5 Qd8 15. Bxf6 Bxf6 16. Qh5 g6 17. Qh3 b5 18. Bd5 Rb8 19. Raf1 Be5 20. Rxf7 Rxf7 21. Rxf7 1-0

[Event "Cortina d'Ampezzo op 2nd"]
[Site "Cortina d'Ampezzo"]
[Date "2013.09.10"]
[Round "2"]
[White "Mancin, Michele"]
[Black "Buratti, Marco"]
[Result "1-0"]
[WhiteElo "1772"]
[BlackElo "1996"]
[PlyCount "83"]
[EventDate "2013.09.10"]
[EventType "swiss"]
[EventRounds "7"]
[EventCountry "ITA"]
[SourceTitle "CBM 156 Extra"]
[Source "ChessBase"]
[SourceDate "2013.10.22"]
[SourceVersion "1"]
[SourceVersionDate "2013.10.22"]
[SourceQuality "1"]

1. e4 e5 2. Nf3 Nc6 3. Bb5 Qe7 4. 0-0 Nd8 5. c3 c6 6. Ba4 d6 7. h3 g5 8. d4 f6 9. dxe5 dxe5 10. b4 h5 11. Nh2 Qh7 12. Qd3 Ne7 13. b5 Be6 14. c4 Ng6 15. Nc3 Bc5 16. bxc6 bxc6 17. Nd5 0-0 18. Nc3 Bd4 19. Rb1 Qf7 20. Bb3 c5 21. Nd5 Rb8 22. Bd2 Nc6 23. Qe2 Nf4 24. Bxf4 exf4 25. Nf3 g4 26. Nh4 Be5 27. Nf5 Qh7 28. hxg4 Nd4 29. Nxd4 hxg4 30. g3 fxg3 31. fxg3 Bxd4+ 32. Ne3 Qxe4 33. Kf2 f5 34. Bc2 Bxe3+ 35. Qxe3 Qxc2+ 36. Kg1 Qe4 37. Qg5+ Kf7 38. Qh5+ Ke7 39. Qg5+ Kd7 40. Rfd1+ Kc7 41. Qe7+ Kc8 42. Qxf8+ 1-0

[Event "Grosseto op 2nd"]
[Site "Grosseto"]
[Date "2013.05.12"]
[Round "6"]
[White "Buratti, Marco"]
[Black "Di Primio, Eugenia"]
[Result "1-0"]
[WhiteElo "1977"]
[BlackElo "1972"]
[PlyCount "61"]
[EventDate "2013.05.09"]
[EventType "swiss"]
[EventRounds "6"]
[EventCountry "ITA"]
[SourceTitle "CBM 154 Extra"]
[Source "ChessBase"]
[SourceDate "2013.06.25"]
[SourceVersion "2"]
[SourceVersionDate "2013.06.25"]
[SourceQuality "1"]

1. e4 e5 2. Nc3 Nc6 3. g3 Bc5 4. Bg2 d6 5. d3 Nge7 6. Nge2 h5 7. h4 Bg4 8. f3 Be6 9. Na4 Bb4+ 10. c3 Ba5 11. b4 Bb6 12. Nxb6 axb6 13. a4 d5 14. f4 dxe4 15. Bxe4 Bd5 16. 0-0 Bxe4 17. dxe4 Qxd1 18. Rxd1 b5 19. a5 b6 20. a6 Rh6 21. c4 Nxb4 22. cxb5 c6 23. Nc3 cxb5 24. Nxb5 Rc6 25. a7 Nc8 26. fxe5 Ke7 27. Ba3 Rc4 28. Bxb4+ Rxb4 29. Nc7 Rxa7 30. Rxa7 Nxa7 31. Nd5+ 1-0

[Event "Gabicce Mare op 1st"]
[Site "Gabicce Mare"]
[Date "2013.01.06"]
[Round "8"]
[White "Sanguinetti, Edoardo"]
[Black "Buratti, Marco"]
[Result "0-1"]
[WhiteElo "1986"]
[BlackElo "1991"]
[PlyCount "109"]
[EventDate "2013.01.02"]
[EventType "swiss"]
[EventRounds "9"]
[EventCountry "ITA"]
[SourceTitle "EXT 2015"]
[Source "ChessBase"]
[SourceDate "2014.11.20"]
[SourceVersion "1"]
[SourceVersionDate "2014.11.20"]
[SourceQuality "1"]

1. e4 e5 2. Nf3 Nc6 3. d4 exd4 4. Nxd4 Bc5 5. Be3 Qf6 6. c3 Nge7 7. Qf3 Nxd4 8. Qxf6 Nc2+ 9. Kd2 Bxe3+ 10. Kxc2 gxf6 11. fxe3 0-0 12. Bd3 d6 13. Rf1 Kg7 14. Nd2 Ng6 15. Rf2 Ne5 16. h3 Re8 17. Raf1 Re6 18. g4 c5 19. Bc4 Nxc4 20. Nxc4 b5 21. Nd2 h6 22. h4 Kg6 23. g5 fxg5 24. hxg5 hxg5 25. Rxf7 Ba6 26. Rd7 Rg8 27. Rxa7 Bc8 28. Rg1 Rf6 29. Rg3 g4 30. e5 dxe5 31. Re7 Rf2 32. Kc1 Rh8 33. Rg1 Rhh2 34. Nf1 Rc2+ 35. Kd1 Rhf2 36. Rxe5 Rxb2 37. Ke1 Rbe2+ 38. Kd1 Rxa2 39. Ke1 Rfb2 40. Rd5 b4 41. cxb4 c4 42. Rd2 c3 43. Rxb2 cxb2 44. Nd2 Ra1+ 45. Kf2 Rxg1 46. Kxg1 Bf5 47. Kg2 b1Q 48. Nxb1 Bxb1 49. Kg3 Kg5 50. b5 Be4 51. b6 Bf3 52. Kh2 Kh4 53. Kg1 Kg3 54. Kf1 Kh2 55. Kf2 0-1

[Event "Gabicce Mare op 1st"]
[Site "Gabicce Mare"]
[Date "2013.01.04"]
[Round "4"]
[White "Buratti, Marco"]
[Black "Dionigi, Riccardo"]
[Result "0-1"]
[WhiteElo "1991"]
[BlackElo "1910"]
[PlyCount "140"]
[EventDate "2013.01.02"]
[EventType "swiss"]
[EventRounds "9"]
[EventCountry "ITA"]
[SourceTitle "EXT 2015"]
[Source "ChessBase"]
[SourceDate "2014.11.20"]
[SourceVersion "1"]
[SourceVersionDate "2014.11.20"]
[SourceQuality "1"]

1. e4 e5 2. Nc3 Nf6 3. Bc4 Nc6 4. d3 Na5 5. Qf3 Nxc4 6. dxc4 Be7 7. Nge2 d6 8. h3 Be6 9. b3 c6 10. Bb2 Qc7 11. 0-0-0 0-0-0 12. g4 g6 13. Qg2 Kb8 14. Ng3 Bc8 15. Nf1 Nd7 16. h4 Nc5 17. Ne3 Ne6 18. f3 h5 19. g5 Bf8 20. Ne2 Bg7 21. Qh2 Rhe8 22. Rd2 b6 23. Rhd1 Bb7 24. a4 Rf8 25. Qg1 Rd7 26. b4 Rfd8 27. Rd3 a5 28. Qe1 axb4 29. Qxb4 Nc5 30. Ra3 Na6 31. Qd2 Bf8 32. a5 bxa5 33. Qxa5 Qxa5 34. Rxa5 Nc5 35. Nc3 Ne6 36. Ne2 Be7 37. Ra3 Kc8 38. Rad3 Nc5 39. R3d2 f6 40. Rg1 fxg5 41. hxg5 Rf8 42. Rg3 Ne6 43. Rd3 Bxg5 44. Kd1 h4 45. Rh3 Nc5 46. Ra3 Rdf7 47. Ng2 Be7 48. Ke1 g5 49. Ng1 Kc7 50. Ne3 Bc8 51. Rh2 Kb8 52. Bc1 Bd8 53. Ke2 Ne6 54. c3 Nf4+ 55. Kf1 g4 56. Rb2+ Rb7 57. Rxb7+ Kxb7 58. Ra2 g3 59. Ng2 Nd3 60. Be3 h3 61. Ra7+ Kb8 62. Rh7 hxg2+ 63. Kxg2 Rg8 64. Ne2 Ne1+ 65. Kf1 Nxf3 66. Ba7+ Ka8 67. Be3 g2+ 68. Kf2 g1Q+ 69. Nxg1 Nxg1 70. Rh1 Nh3+ 0-1

[Event "Gabicce Mare op 1st"]
[Site "Gabicce Mare"]
[Date "2013.01.03"]
[Round "3"]
[White "Lucchi, Lorenzo"]
[Black "Buratti, Marco"]
[Result "1-0"]
[WhiteElo "2101"]
[BlackElo "1991"]
[PlyCount "41"]
[EventDate "2013.01.02"]
[EventType "swiss"]
[EventRounds "9"]
[EventCountry "ITA"]
[SourceTitle "EXT 2015"]
[Source "ChessBase"]
[SourceDate "2014.11.20"]
[SourceVersion "1"]
[SourceVersionDate "2014.11.20"]
[SourceQuality "1"]

1. c4 e5 2. g3 f5 3. d4 e4 4. Nc3 Nf6 5. h4 d5 6. Bg5 dxc4 7. e3 Be6 8. d5 Bf7 9. Bxc4 Qd6 10. Nge2 Bh5 11. Qa4+ Nbd7 12. Nd4 Bg4 13. Ne6 Kf7 14. Bf4 Ne5 15. Kf1 Nfd7 16. Bb3 Kg6 17. h5+ Kf6 18. Nb5 Qb4 19. Bg5+ Kf7 20. Nd8+ Rxd8 21. d6+ 1-0

[Event "Gabicce Mare op 1st"]
[Site "Gabicce Mare"]
[Date "2013.01.02"]
[Round "1"]
[White "Caprio, Guido"]
[Black "Buratti, Marco"]
[Result "1-0"]
[WhiteElo "2409"]
[BlackElo "1991"]
[PlyCount "77"]
[EventDate "2013.01.02"]
[EventType "swiss"]
[EventRounds "9"]
[EventCountry "ITA"]
[SourceTitle "EXT 2015"]
[Source "ChessBase"]
[SourceDate "2014.11.20"]
[SourceVersion "1"]
[SourceVersionDate "2014.11.20"]
[SourceQuality "1"]

1. Nf3 Nc6 2. d4 d5 3. c4 Bg4 4. cxd5 Bxf3 5. gxf3 Qxd5 6. e3 0-0-0 7. Nc3 Qh5 8. Bd2 e6 9. f4 Qg6 10. Rc1 Nge7 11. Qa4 Nd5 12. Nxd5 Rxd5 13. Ba6 Nd8 14. Bc4 Rxd4 15. Qxa7 Rxf4 16. Bb5 c6 17. Qa8+ Kd7 18. exf4 Qe4+ 19. Be3 Qxh1+ 20. Ke2 Qxh2 21. Rd1+ Bd6 22. Bxc6+ bxc6 23. Qa7+ Kc8 24. Rxd6 Qh5+ 25. Ke1 Qb5 26. Bb6 Qb4+ 27. Rd2 Qe4+ 28. Kf1 Qh1+ 29. Ke2 Qe4+ 30. Be3 e5 31. Qa6+ Kc7 32. f3 Qb4 33. Qa7+ Nb7 34. Bb6+ Qxb6 35. Rd7+ Kxd7 36. Qxb6 Nd6 37. fxe5 Re8 38. Qd4 Re6 39. Kf2 1-0

[Event "Cortina d'Ampezzo op 1st"]
[Site "Cortina d'Ampezzo"]
[Date "2012.09.21"]
[Round "5"]
[White "Buratti, Marco"]
[Black "Enigl, Karl"]
[Result "0-1"]
[WhiteElo "1987"]
[BlackElo "2095"]
[PlyCount "40"]
[EventDate "2012.09.18"]
[EventType "swiss"]
[EventRounds "7"]
[EventCountry "ITA"]
[SourceTitle "CBM 150 Extra"]
[Source "ChessBase"]
[SourceDate "2012.10.19"]
[SourceVersion "1"]
[SourceVersionDate "2012.10.19"]
[SourceQuality "1"]

1. d4 d6 2. Nc3 g6 3. Bg5 Bg7 4. e3 Nf6 5. Bd3 0-0 6. h4 c5 7. h5 cxd4 8. hxg6 hxg6 9. exd4 Nc6 10. Qf3 Nh7 11. Be3 e5 12. Qg3 exd4 13. Qh2 Nf6 14. Bg5 dxc3 15. 0-0-0 Re8 16. Ne2 cxb2+ 17. Kb1 Be6 18. Nc3 Qa5 19. Qh8+ Bxh8 20. Rxh8+ Kg7 0-1

[Event "Cortina d'Ampezzo op 1st"]
[Site "Cortina d'Ampezzo"]
[Date "2012.09.20"]
[Round "4"]
[White "Gaspari, Mauro"]
[Black "Buratti, Marco"]
[Result "1/2-1/2"]
[WhiteElo "1966"]
[BlackElo "1987"]
[PlyCount "262"]
[EventDate "2012.09.18"]
[EventType "swiss"]
[EventRounds "7"]
[EventCountry "ITA"]
[SourceTitle "CBM 150 Extra"]
[Source "ChessBase"]
[SourceDate "2012.10.19"]
[SourceVersion "1"]
[SourceVersionDate "2012.10.19"]
[SourceQuality "1"]

1. c4 e5 2. Nc3 Nc6 3. g3 Bc5 4. Bg2 Nge7 5. e3 d6 6. Nge2 Bg4 7. h3 Bh5 8. a3 a5 9. 0-0 f5 10. d3 0-0 11. b3 Qd7 12. Qd2 Rae8 13. d4 Ba7 14. b4 f4 15. exf4 Nxd4 16. Nxd4 Bxd4 17. fxe5 dxe5 18. Nb5 Nc6 19. Bb2 Rd8 20. Nxd4 Nxd4 21. Bxd4 exd4 22. g4 Bf7 23. Qd3 Bg6 24. Qd2 d3 25. bxa5 c6 26. Rab1 Rf7 27. a6 bxa6 28. Rb6 Qd4 29. Rxc6 Be4 30. Re6 Bxg2 31. Kxg2 Qxc4 32. Re3 h5 33. gxh5 Qd5+ 34. Kh2 Rc7 35. h6 Rc2 36. Qd1 Qd6+ 37. Rg3 Qxh6 38. Qf3 Qc6 39. Qg4 Qd7 40. Qf3 Qd5 41. Qg4 Rd7 42. Qg6 Qf7 43. Qxf7+ Kxf7 44. Rd1 d2 45. Rf3+ Kg8 46. Rg3 Rc1 47. Rgg1 Rc2 48. Rg3 Kf7 49. Rf3+ Ke6 50. Re3+ Kf5 51. Re2 Rd3 52. Kg2 Kf4 53. a4 Rd6 54. f3 Rd4 55. a5 g5 56. Kf2 Ra2 57. Kg2 Rd3 58. Re4+ Kf5 59. Re2 Rd4 60. Kf2 Rc2 61. Kg2 Kf4 62. Kf2 Ra2 63. Kg2 Rxa5 64. Rexd2 Rxd2+ 65. Rxd2 Ke3 66. Rb2 Rb5 67. Ra2 a5 68. Kg3 Kd3 69. h4 gxh4+ 70. Kxh4 Kc3 71. f4 Kb3 72. Ra1 Rd5 73. Kg4 a4 74. Rb1+ Ka2 75. Rb7 Rd3 76. f5 Rb3 77. Ra7 a3 78. f6 Kb2 79. f7 Rb8 80. Rb7+ Rxb7 81. f8Q Rb3 82. Qf2+ Ka1 83. Qe1+ Ka2 84. Qd2+ Rb2 85. Qd1 Rb1 86. Qc2+ Rb2 87. Qc4+ Kb1 88. Qd3+ Ka2 89. Kf4 Rb4+ 90. Ke5 Rb3 91. Qc2+ Rb2 92. Qc4+ Kb1 93. Qd3+ Ka2 94. Kd4 Rb4+ 95. Kc5 Rb1 96. Qc2+ Rb2 97. Qd1 Rb1 98. Qc2+ Rb2 99. Qa4 Rb1 100. Kc4 Rc1+ 101. Kd3 Rc8 102. Qa6 Rc1 103. Qb5 Rb1 104. Qc4+ Ka1 105. Qc3+ Ka2 106. Qc4+ Ka1 107. Kc2 Rb2+ 108. Kc1 Rb1+ 109. Kd2 Rb2+ 110. Kc3 Kb1 111. Qa4 Ka2 112. Qc4+ Kb1 113. Qf1+ Ka2 114. Qd1 Rb1 115. Qc2+ Rb2 116. Qa4 Rb1 117. Qc4+ Ka1 118. Kc2 Rb2+ 119. Kc1 Rb1+ 120. Kd2 Rb2+ 121. Kc3 Rb1 122. Qd4 Ka2 123. Qd5+ Ka1 124. Qd4 Ka2 125. Qa4 Rc1+ 126. Kd2 Rb1 127. Qc4+ Ka1 128. Qc3+ Ka2 129. Qc4+ Ka1 130. Qe4 Rb2+ 131. Kc3 Rb1 1/2-1/2

[Event "Condino op 12th"]
[Site "Condino"]
[Date "2012.07.27"]
[Round "6"]
[White "Buratti, Marco"]
[Black "Petragnani, Gian Giacomo"]
[Result "1/2-1/2"]
[WhiteElo "1994"]
[BlackElo "1733"]
[PlyCount "104"]
[EventDate "2012.07.22"]
[EventType "swiss"]
[EventRounds "7"]
[EventCountry "ITA"]
[SourceTitle "CBM 149 Extra"]
[Source "ChessBase"]
[SourceDate "2012.08.24"]
[SourceVersion "1"]
[SourceVersionDate "2012.08.24"]
[SourceQuality "1"]

1. e4 g6 2. Nc3 Bg7 3. f4 d6 4. Nf3 a6 5. a4 Nd7 6. Bc4 e6 7. 0-0 Ne7 8. d3 0-0 9. Qe1 c5 10. g4 Nb6 11. Bb3 d5 12. a5 d4 13. Nd1 Nd7 14. Nf2 Nb8 15. e5 Nbc6 16. Ne4 Nd5 17. Nxc5 Qe7 18. Na4 Ndb4 19. Bd2 Rd8 20. Nb6 Rb8 21. Ra4 Nd5 22. Bxd5 exd5 23. Nxc8 Rbxc8 24. Rf2 Qd7 25. Ra1 Qxg4+ 26. Kh1 Rc7 27. Qe2 Qd7 28. Rg1 Re8 29. Qe1 f6 30. Re2 fxe5 31. fxe5 Qc8 32. Qh4 Qf5 33. Rf2 Rf7 34. Rgf1 Qh5 35. Qxh5 gxh5 36. Kg2 Nxe5 37. Nxe5 Rxf2+ 38. Rxf2 Rxe5 39. Bf4 Rf5 40. Kg3 Bf6 41. Be3 Rxf2 42. Bxf2 Kf7 43. Kf4 Ke6 44. h3 h6 45. Kf3 Kf5 46. Be1 Bg5 47. Bb4 Bc1 48. b3 Bb2 49. Bc5 Bc3 50. Bb6 h4 51. Bd8 h5 52. Bb6 Bb2 1/2-1/2

[Event "Condino op 12th"]
[Site "Condino"]
[Date "2012.07.22"]
[Round "2"]
[White "Buratti, Marco"]
[Black "De Santis, Alessio"]
[Result "0-1"]
[WhiteElo "1994"]
[BlackElo "2349"]
[PlyCount "92"]
[EventDate "2012.07.22"]
[EventType "swiss"]
[EventRounds "7"]
[EventCountry "ITA"]
[SourceTitle "CBM 149 Extra"]
[Source "ChessBase"]
[SourceDate "2012.08.24"]
[SourceVersion "1"]
[SourceVersionDate "2012.08.24"]
[SourceQuality "1"]

1. e4 b6 2. Nc3 Bb7 3. d4 e6 4. Nf3 Nf6 5. e5 Ne4 6. Nxe4 Bxe4 7. Bd3 Bxd3 8. Qxd3 d5 9. exd6 Qxd6 10. Qe4 Qc6 11. Qxc6+ Nxc6 12. Bf4 0-0-0 13. 0-0-0 Bd6 14. Bxd6 Rxd6 15. c3 h6 16. h4 Rhd8 17. Ne5 Nxe5 18. dxe5 Rd5 19. Rhe1 h5 20. Rxd5 Rxd5 21. Re3 Kd7 22. Kc2 Ke7 23. Re4 f6 24. exf6+ gxf6 25. c4 Rd8 26. c5 b5 27. Re3 Rd5 28. Ra3 Rxc5+ 29. Kb3 Rf5 30. Rxa7 Kd6 31. Rb7 Kc6 32. Rb8 Rxf2 33. Rg8 Kc5 34. g4 Rf3+ 35. Kc2 Rf2+ 36. Kb3 hxg4 37. Rxg4 f5 38. Rg7 c6 39. h5 Rh2 40. Rg6 Kd5 41. h6 c5 42. Kc3 f4 43. a3 c4 44. Rf6 Ke5 45. Rf7 Rxh6 46. Rb7 Rh3+ 0-1

[Event "Viterbo op 6th"]
[Site "Viterbo"]
[Date "2009.06.02"]
[Round "6"]
[White "Bondielli, Giorgio"]
[Black "Buratti, Marco"]
[Result "1/2-1/2"]
[WhiteElo "1918"]
[BlackElo "2037"]
[PlyCount "72"]
[EventDate "2009.05.30"]
[EventType "swiss"]
[EventRounds "7"]
[EventCountry "ITA"]
[SourceTitle "EXT 2011"]
[Source "ChessBase"]
[SourceDate "2010.11.26"]
[SourceVersion "1"]
[SourceVersionDate "2010.11.26"]
[SourceQuality "1"]

1. e4 e5 2. Nf3 Nc6 3. d4 exd4 4. Bc4 Nf6 5. 0-0 Bc5 6. c3 d3 7. Bg5 h6 8. Bh4 g5 9. Bg3 Nxe4 10. Qxd3 Nxg3 11. hxg3 Qf6 12. Re1+ Kf8 13. Nbd2 d6 14. Ne4 Qf5 15. Nxc5 Qxc5 16. Bd5 Ne7 17. Rxe7 Kxe7 18. b4 Qb6 19. Re1+ Kf8 20. Qe4 Kg7 21. Qe7 Rf8 22. Nxg5 Qb5 23. c4 Qe8 24. Qxe8 Rxe8 25. Rxe8 hxg5 26. b5 a6 27. bxa6 Rxa6 28. Rxc8 c6 29. Bf3 Rxa2 30. Rd8 Rc2 31. Rxd6 Rxc4 32. Kf1 Rb4 33. Rd7 Kg6 34. Rd6+ Kf5 35. Bxc6 bxc6 36. Rxc6 Rb2 1/2-1/2

[Event "Porto Mannu op"]
[Site "Porto Mannu"]
[Date "2009.05.21"]
[Round "7"]
[White "Buratti, Marco"]
[Black "Gohil, Harry"]
[Result "0-1"]
[WhiteElo "2037"]
[BlackElo "2334"]
[PlyCount "104"]
[EventDate "2009.05.16"]
[EventType "swiss"]
[EventRounds "9"]
[EventCountry "ITA"]
[SourceTitle "CBM 130 Extra"]
[Source "ChessBase"]
[SourceDate "2009.07.02"]
[SourceVersion "2"]
[SourceVersionDate "2009.07.15"]
[SourceQuality "1"]

1. e4 c5 2. Nc3 Nc6 3. Bc4 e6 4. d3 a6 5. a4 g6 6. Nge2 Nge7 7. Bg5 Bg7 8. f4 f6 9. Bh4 d5 10. Ba2 Nb4 11. Bb3 Qc7 12. a5 c4 13. Ba4+ Kf7 14. Bf2 cxd3 15. cxd3 Nec6 16. Bb6 Qd6 17. 0-0 f5 18. Bb3 Bd7 19. Na4 Rae8 20. Qd2 dxe4 21. d4 Nd3 22. Qe3 Ncb4 23. Nc5 Nxc5 24. Bxc5 Nd5 25. Qh3 Qc7 26. Bxd5 exd5 27. Rfc1 Bb5 28. Bb6 Qd6 29. Rc7+ Re7 30. Rxe7+ Qxe7 31. Rc1 Bc6 32. Qb3 Re8 33. Nc3 Qd6 34. g3 Kg8 35. Re1 Bh6 36. Bc5 Qe6 37. Nd1 g5 38. Qe3 Qg6 39. Kf2 Kh8 40. Rg1 Rg8 41. fxg5 Bxg5 42. Qa3 f4 43. Bd6 Bf6 44. Bxf4 Bxd4+ 45. Ne3 Qf6 46. b4 Be5 47. Ng2 d4 48. Ke2 Bb5+ 49. Kd1 e3 50. Bxe5 Qxe5 51. Ne1 d3 52. Nf3 Qf6 0-1

[Event "Porto Mannu op"]
[Site "Porto Mannu"]
[Date "2009.05.20"]
[Round "6"]
[White "Piscopo, Pierluigi"]
[Black "Buratti, Marco"]
[Result "1-0"]
[WhiteElo "2405"]
[BlackElo "2037"]
[PlyCount "35"]
[EventDate "2009.05.16"]
[EventType "swiss"]
[EventRounds "9"]
[EventCountry "ITA"]
[SourceTitle "CBM 130 Extra"]
[Source "ChessBase"]
[SourceDate "2009.07.02"]
[SourceVersion "2"]
[SourceVersionDate "2009.07.15"]
[SourceQuality "1"]

1. e4 e5 2. Nf3 Nc6 3. d4 exd4 4. Nxd4 Nxd4 5. Qxd4 Qf6 6. Qe3 Bb4+ 7. c3 Ba5 8. Nd2 Bb6 9. Qf3 d6 10. Nc4 Bc5 11. b4 Bb6 12. a4 a5 13. Bf4 Bg4 14. Qg3 axb4 15. Nxb6 cxb6 16. Bb5+ Bd7 17. Bxd7+ Kxd7 18. 0-0 1-0

[Event "Arco op 30th"]
[Site "Arco"]
[Date "2008.10.25"]
[Round "8"]
[White "Buratti, Marco"]
[Black "Dickhoff, Ronald"]
[Result "1-0"]
[WhiteElo "2017"]
[BlackElo "2175"]
[PlyCount "37"]
[EventDate "2008.10.18"]
[EventType "swiss"]
[EventRounds "9"]
[EventCountry "ITA"]
[SourceTitle "CBM 127 Extra"]
[Source "ChessBase"]
[SourceDate "2009.01.08"]
[SourceVersion "2"]
[SourceVersionDate "2009.01.28"]
[SourceQuality "1"]

1. e4 e6 2. Nc3 d5 3. Nf3 Nf6 4. e5 Nfd7 5. d4 c5 6. Bb5 Nc6 7. 0-0 Qb6 8. dxc5 Bxc5 9. Bf4 a6 10. Bxc6 bxc6 11. Na4 Qb5 12. Nxc5 Nxc5 13. Be3 Nd7 14. Rb1 0-0 15. c3 Qc4 16. Qc2 Qg4 17. Ng5 Qh5 18. f4 h6 19. Qh7# 1-0

[Event "Arco op 30th"]
[Site "Arco"]
[Date "2008.10.23"]
[Round "6"]
[White "Wohl, Aleksandar H"]
[Black "Buratti, Marco"]
[Result "1-0"]
[WhiteElo "2362"]
[BlackElo "2017"]
[PlyCount "107"]
[EventDate "2008.10.18"]
[EventType "swiss"]
[EventRounds "9"]
[EventCountry "ITA"]
[SourceTitle "CBM 127 Extra"]
[Source "ChessBase"]
[SourceDate "2009.01.08"]
[SourceVersion "2"]
[SourceVersionDate "2009.01.28"]
[SourceQuality "1"]

1. e4 e5 2. Nf3 Nc6 3. Bb5 Bc5 4. 0-0 Qf6 5. c3 Nge7 6. d3 h6 7. Nbd2 0-0 8. b4 Bb6 9. Nc4 d6 10. a4 a6 11. Nxb6 cxb6 12. Bc4 Bg4 13. h3 Bxf3 14. Qxf3 Qxf3 15. gxf3 Rad8 16. b5 Nb8 17. Rd1 a5 18. Ba3 Ng6 19. d4 Rc8 20. Bd5 Rxc3 21. Bxd6 Re8 22. dxe5 Nd7 23. Rac1 Rxf3 24. e6 fxe6 25. Bxb7 Nde5 26. Bc6 Rc8 27. Bd7 Rxc1 28. Bxe6+ Kh7 29. Rxc1 Rf6 30. Bxe5 Rxe6 31. Bc7 Rxe4 32. Bxb6 Rxa4 33. Rb1 Rb4 34. Rxb4 axb4 35. Bd4 Nf4 36. Kf1 Ne6 37. Bb2 Nc5 38. Ke2 Kg6 39. Bd4 Nb7 40. Kd3 Nd6 41. b6 b3 42. Be5 Nb7 43. Kc4 Kf7 44. Kxb3 g6 45. Kc4 Ke6 46. Bf4 h5 47. h4 Kf5 48. Bg3 Ke4 49. Kb5 Kd5 50. Bc7 Nc5 51. Bd8 Ne6 52. b7 Nd4+ 53. Kb6 Nc6 54. Bc7 1-0

[Event "Arco op 30th"]
[Site "Arco"]
[Date "2008.10.18"]
[Round "1"]
[White "Buratti, Marco"]
[Black "Giaracuni, Claudio"]
[Result "1-0"]
[WhiteElo "2017"]
[BlackElo "1780"]
[PlyCount "47"]
[EventDate "2008.10.18"]
[EventType "swiss"]
[EventRounds "9"]
[EventCountry "ITA"]
[SourceTitle "CBM 127 Extra"]
[Source "ChessBase"]
[SourceDate "2009.01.08"]
[SourceVersion "2"]
[SourceVersionDate "2009.01.28"]
[SourceQuality "1"]

1. e4 c5 2. Nc3 a6 3. a4 Nc6 4. Bc4 Nf6 5. d3 d6 6. Nge2 e6 7. 0-0 Be7 8. Ng3 0-0 9. f4 b6 10. Bd2 Bb7 11. f5 d5 12. Ba2 dxe4 13. fxe6 exd3 14. exf7+ Kh8 15. cxd3 Qxd3 16. Bg5 Qg6 17. Bxf6 Bxf6 18. Qd7 Na5 19. Rae1 Bh4 20. Bb1 Qc6 21. Qh3 g5 22. Re6 g4 23. Rxc6 gxh3 24. Rh6 1-0